• 首页
  • 本馆介绍
  • 公告通知
  • 最新文献
  • 馆藏检索
  • 电子资源
  • 读者导购
  • 参考咨询
  • 我的图书馆
  • 登录
  • 详细信息显示
  • 放入我的书架
  • 预约/预借图书
  • 作者相关作品
  • 分类相关作品
  • 丛书相关作品
  • 出版社相关作品

书目信息

  • 表格格式
  • 工作单格式
  • 卡片格式
题名:
共用天线电视
    
 
作者: 吴名山 , 陈崇光 编著
分册:  
出版信息: 北京   电子工业出版社  1985
页数: 194页
开本: 19cm
丛书名:
单 册:
中图分类: TN820.1
科图分类:
主题词: 天线
电子资源:
ISBN:
000 00675nam0 2200253 45
001 0185016926
005 20040707082921.5
010    @dCNY1.35
091    @a15290.145
100    @a19951117d1985 em y0chiy0121 ea
101 0  @achi
102    @aCN@b110000
105    @ay z 000yy
106    @ar
200 10 @a共用天线电视@Agong yong tian xian dian shi@f吴名山,陈崇光编著
210    @a北京@c电子工业出版社@d1985
215    @a194页@d19cm
606 0  @a天线
690    @aTN820.1
701  0 @a吴名山@4编著@Awu ming shan
701  0 @a陈崇光@4编著@Achen chong guang
801  0 @aCN@b深圳图书馆@c20040707
801  2 @aCN@bNLC@c20040707
905    @f1@b162109@dTN820.1@e10
    
    共用天线电视/吴名山,陈崇光编著.-北京:电子工业出版社,1985
    194页;19cm
    
    
    ISBN :CNY1.35
    
●
相关链接 在E读中查询图书 在五车中查询图书 在当当中查询图书 在豆瓣中查询图书


正题名:共用天线电视     索取号:TN820.1/10         预约/预借

序号 登录号 条形码 馆藏地/架位号 状态 备注
1 0162109   001320975   第三借阅区/ [索取号:TN820.1/10] 在馆    
2 0162110   202120588   第二样本阅览室/ [索取号:TN820.1/10] 在馆    
唐山师范学院图书馆 欢迎您!
大连网信软件有限公司© 版权所有